Confirmatory factor analysis for applied research /

Bibliographic Details
Main Author: Brown, Timothy A., 1960-
Format: Book
Language:English
Published: New York : Guilford Press, [2006]
Series:Methodology in the social sciences.
Subjects:
Online Access:Table of contents
Contributor biographical information

MARC

Tag First Indicator Second Indicator Subfields
LEADER 00000cam a22000004a 4500
001 in00002146521
005 20151103153140.0
008 060111s2006 nyua b 001 0 eng
010 |a  2006001103 
015 |a GBA625663  |2 bnb 
016 7 |a 013409293  |2 Uk 
020 |a 1593852754 (hardcover) 
020 |a 1593852746 (pbk.) 
024 3 |a 9781593852740 
024 3 |a 9781593852757 
035 |a (OCoLC)ocm62896509 
040 |a DLC  |c DLC  |d UKM  |d BAKER  |d C#P  |d UtOrBLW 
042 |a pcc 
049 |a TXAM 
050 0 0 |a BF39.2.F32  |b B76 2006 
082 0 0 |a 150.1/5195354  |2 22 
100 1 |a Brown, Timothy A.,  |d 1960- 
245 1 0 |a Confirmatory factor analysis for applied research /  |c Timothy A. Brown. 
264 1 |a New York :  |b Guilford Press,  |c [2006] 
264 4 |c ©2006 
300 |a xviii, 475 pages :  |b illustrations ;  |c 24 cm. 
336 |a text  |b txt  |2 rdacontent 
337 |a unmediated  |b n  |2 rdamedia 
338 |a volume  |b nc  |2 rdacarrier 
490 1 |a Methodology in the social sciences 
504 |a Includes bibliographical references (pages 439-454) and indexes. 
505 0 |a Introduction -- The common factor model and exploratory factor analysis -- Introduction to CFA -- Specification and interpretation of CFA models -- CFA model revision and comparison -- CFA of multitrait-multimethod matrices -- CFA with equality constraints, multiple groups, and mean structures -- Other types of CFA models : higher-order factor analysis, scale reliability evaluation, and formative indicators -- Data issues in CFA : missing, non-normal, and categorical data -- Statistical power and sample size. 
650 0 |a Factor analysis. 
830 0 |a Methodology in the social sciences. 
856 4 1 |3 Table of contents  |u http://www.loc.gov/catdir/toc/ecip066/2006001103.html  |t 0 
856 4 2 |3 Contributor biographical information  |u http://www.loc.gov/catdir/enhancements/fy0629/2006001103-b.html  |t 0 
938 |a Baker & Taylor  |b BKTY  |c 48.00  |d 48.00  |i 1593852746  |n 0006635135  |s active 
938 |a Baker & Taylor  |b BKTY  |c 74.00  |d 74.00  |i 1593852754  |n 0006635133  |s active 
945 |i PromptCat 
947 |a A14833221569 
948 |a cataloged  |b h  |c 2006/5/24  |d c  |e achopde  |f 2:53:59 pm 
994 |a 92  |b TXA 
944 |a stk  |h REPL<3516541>REP-LATEST<>REF<dianar>  |m Replacement on order 
999 |a MARS 
999 f f |s b4ec5d40-4eef-34d6-babf-327159f7d697  |i ea1d707d-a555-382b-af08-96105448827d  |t 0 
952 f f |p normal  |a Texas A&M University  |b College Station  |c Sterling C. Evans Library  |s Evans stk  |d Evans: Library Stacks  |t 0  |e BF39.2.F32 B76 2006  |h Library of Congress classification  |i unmediated -- volume  |m A14837373627 
998 f f |a BF39.2.F32 B76 2006  |t 0  |l Evans: Library Stacks